स्त्री रोग एवम् प्रसूति विज्ञान/ (Record no. 164699)

MARC details
000 -LEADER
fixed length control field 00840nam a22002057a 4500
005 - DATE AND TIME OF LATEST TRANSACTION
control field 20190524144919.0
010 ## - LCCN (DPL NO)
LC control number B-140678
020 ## - INTERNATIONAL STANDARD BOOK NUMBER
Terms of availability 150.00
035 ## - SYSTEM CONTROL NUMBER
System control number B-140678
037 ## - SOURCE OF ACQUISITION
Source of stock number/acquisition DBAD/PUB
082 ## - DEWEY DECIMAL CLASSIFICATION NUMBER
Classification number 618
Item number Hindi book
100 ## - MAIN ENTRY--PERSONAL NAME
Personal name रिख, विजय
245 ## - TITLE STATEMENT
Title स्त्री रोग एवम् प्रसूति विज्ञान/
Statement of responsibility, etc विजय रिख
260 ## - PUBLICATION, DISTRIBUTION, ETC. (IMPRINT)
Place of publication, distribution, etc दिल्ली
Name of publisher, distributor, etc World Book Co.
Date of publication, distribution, etc 2005
270 ## - ADDRESS
Address Chawri Bazar,post box -1300
City Delhi
Postal code 110006
300 ## - PHYSICAL DESCRIPTION
Extent viii,348p.
Other physical details सचित्र
Dimensions 18सेमी.(सजिल्द)
700 ## - ADDED ENTRY--PERSONAL NAME
Personal name काली चरण द्वारा संपादित
942 ## - ADDED ENTRY ELEMENTS (KOHA)
Source of classification or shelving scheme Dewey Decimal Classification
Item type Hindi Books
Edition 2005
Classification part 618
Call number suffix रिखवि
Holdings
Withdrawn status Lost status Not for loan Home library Current library Date acquired Source of acquisition Cost, normal purchase price Full call number Barcode Copy number Cost, replacement price Koha item type
    Ordered Central Library Central Library 24/05/2019 DBAD/PUB 150.00 618 रिखवि B-140678 1 150.00 Hindi Books

© Delhi Public Library
Hit Counter
free hit counter